00442nam a2200181Ia 4500003000400000005001700004008004100021020001800062040000700080041000800087082002300095100002500118245004500143250000600188260003200194300002000226365001400246OSt20230329105545.0210423s2009 xx 000 0 und d a9781420052671 cAL aeng a363.738 223bMANS aMANAHAN (Stanley E). aFundamentals of environmental chemistry. a3 aBoca RatonbCRC Pressc2009 axxviii,1233bHB b3559cINR